Normal view
MARC view
- NATIONAL SECURITY OF INDIA.INDIA.N NATIONAL SECURITY.INDIAN SECURITY MANAGEMENT
Entry Topical Term
001 - CONTROL NUMBER
- control field: 79910
003 - CONTROL NUMBER IDENTIFIER
- control field: NUST
005 - DATE AND TIME OF LATEST TRANSACTION
- control field: 20210628210542.0
008 - FIXED-LENGTH DATA ELEMENTS
- fixed length control field: 210628|| aca||aabn | a|a d
040 ## - CATALOGING SOURCE
- Original cataloging agency: NUST
- Transcribing agency: NUST
150 ## - HEADING--TOPICAL TERM
- Topical term or geographic name entry element: NATIONAL SECURITY OF INDIA.INDIA.N NATIONAL SECURITY.INDIAN SECURITY MANAGEMENT
670 ## - SOURCE DATA FOUND
- Source citation: Work cat.: (NUST): Vice Admiral K.K Nayyar 79909, National security,military aspects, 2003
